Linear functional analysis

Αποθηκεύτηκε σε:
Λεπτομέρειες βιβλιογραφικής εγγραφής
Κύριος συγγραφέας: Rynne, Bryan P. 1958-
Άλλοι συγγραφείς: Youngson, Martin A. 1953-
Μορφή: Βιβλίο
Γλώσσα:English
Δημοσίευση: London : Springer, 2008
Έκδοση:2nd ed.
Σειρά:Springer undergraduate mathematics series
Θέματα:
Ετικέτες: Προσθήκη ετικέτας
Δεν υπάρχουν, Καταχωρήστε ετικέτα πρώτοι!

MARC

LEADER 00000nam a2200000 i 4500
001 1/74633
008 080218s2008 eng d
020 |a 978-1-85233-257-0 (pbk.) 
020 |a 978-1-84800-004-9 
035 |l 10094704 
040 |a GR-MY-UA  |b gre  |e aacr 
041 0 |a eng 
082 0 |a 515.7  |2 (22) 
100 1 |a Rynne, Bryan P.  |d 1958- 
245 1 0 |a Linear functional analysis /  |c Bryan P. Rynne and Martin A. Youngson 
250 |a 2nd ed. 
260 |a London :   |b Springer,   |c 2008 
300 |a x, 324 σ.;  |c 23 εκ. 
490 1 |a Springer undergraduate mathematics series 
504 |a Βιβλιογραφία: σ. 317 και ευρετήριο 
650 0 0 |a Functional analysis. 
700 1 |a Youngson, Martin A.  |d 1953- 
830 0 |a Springer undergraduate mathematics series 
852 |a INST  |b CHIOS  |e 20080218  |h 515.7 RYN  |p 005200027752  |q 005200027752  |t BK  |y 0 
901 |a BIBL2-2008-1 
909 |a Χ  |b 145604 
922 |a 2ΕΛΗ  |b 200801  |c ΕΠΕΑΕΚ2/ΤΜΟΔ  |d ΕΛΕΥΘΕΡΟΥΔΑΚΗΣ 
970 |a ΑΤΣΑΛΗ  |b ΔΕΣΠΟΙΝΑ  |z 2008/02/18